|
|
|
|
| LEADER |
01435nam a22002537a 4500 |
| 001 |
AAL1796 |
| 003 |
BD-DhAAL |
| 005 |
20160314102927.0 |
| 008 |
160314s 1994bg a|||| |||| 00| 0 ben d |
| 020 |
|
|
|a 9840501453
|
| 040 |
|
|
|a BD-DhAAL
|c BD-DhAAL
|
| 082 |
|
|
|2 22
|a 332.7/1/086942095492
|
| 245 |
|
|
|a মাঠ গবেষনা ও গ্রামীণ দারিদ্র্য :
|b পদ্ধতি বিষয়ে কতিপয় সংলাপ /
|c সম্পাদনায় হোসেন জিল্লুর রহমান, সম্পাদনা সহকারী আয়েশা বানু
|
| 260 |
|
|
|a ঢাকা :
|b ইউনিভার্সিটি প্রেস ,
|c ১৯৯৪
|
| 300 |
|
|
|a ১৬০ পৃ. ;
|c ২২ সে.মি.
|
| 541 |
|
|
|e 1796
|
| 650 |
|
|
|a Rural poor
|z Bangladesh
|9 18497
|
| 700 |
|
|
|a রহমান, হোসেন জিল্লুর
|9 18498
|
| 700 |
|
|
|a বানু, আয়েশা
|9 18499
|
| 852 |
|
|
|a Savar Campus Library
|c General Shelf
|
| 942 |
|
|
|2 ddc
|c BK
|
| 999 |
|
|
|c 37108
|d 37108
|
| 952 |
|
|
|0 0
|1 0
|2 ddc
|4 0
|6 332_700000000000000_1_086942095492_MAT
|7 0
|9 58368
|a SCL
|b SCL
|c GEN
|d 2016-03-14
|g 125.00
|l 0
|o 332.71086942095492 MAT
|p 3020001796
|r 2016-03-14
|t 1
|w 2016-03-14
|y BK
|
| 952 |
|
|
|0 0
|1 0
|2 ddc
|4 0
|6 332_700000000000000_1_086942095492_MAT
|7 0
|9 58450
|a SCL
|b SCL
|c GEN
|d 2016-03-20
|g 125.00
|l 0
|o 332.71086942095492 MAT
|p 3020004366
|r 2016-03-20
|t 2
|w 2016-03-20
|y BK
|